=LDR 00000nam 2200000 4500 =001 INLIS000000000013222 =005 20211124080518 =035 ##$$a 0010-061300000013222 =008 211124###########################0#ind## =041 ##$$a Ind =082 ##$$a 350 =090 ##$$a 350, Isl p =100 ##$$a DR.M. Irfan Islamy, M.P.A =245 1#$$a Prinsip-prinsip perumusan kebijaksanaan negara, /$c DR.M. Irfan Islamy, M.P.A =260 ##$$a Jakarta :$b Bumi Aksara,$c 2007 =300 ##$$a x,131 halaman ; $c 21 cm =650 #4$$a Administrasi negara =850 ##$$a NBPNMAT =020 ##$$a 979-526-061-8 =084 ##$$a 350 Irf p =990 ##$$a 32083208